Fundamentals of general, organic, and biological chemistry / (Record no. 2301)

MARC details
000 -LEADER
fixed length control field 01485nac a22003491i 4500
003 - CONTROL NUMBER IDENTIFIER
control field EG-ScBUE
005 - DATE AND TIME OF LATEST TRANSACTION
control field 20250702090504.0
008 - FIXED-LENGTH DATA ELEMENTS--GENERAL INFORMATION
fixed length control field 250630t2007 njua f bd 001 0 eng d
020 ## - INTERNATIONAL STANDARD BOOK NUMBER
International Standard Book Number 0132279959
020 ## - INTERNATIONAL STANDARD BOOK NUMBER
International Standard Book Number 9780132279956
040 ## - CATALOGING SOURCE
Original cataloging agency EG-ScBUE
Language of cataloging eng
Description conventions rda
Transcribing agency EG-ScBUE
Modifying agency EG-ScBUE
082 04 - DEWEY DECIMAL CLASSIFICATION NUMBER
Classification number 540
Item number MCM
Edition number 22
100 1# - MAIN ENTRY--PERSONAL NAME
Personal name McMurry, John,
Relator term author.
245 10 - TITLE STATEMENT
Title Fundamentals of general, organic, and biological chemistry /
Statement of responsibility, etc John McMurry, Cornell University, Mary E. Castellion, Norwalk, Connecticut, David S. Ballantine, Northern Illinois University ; with special contributions by Carl A. Hoeger, University of California, San Diego, Virginia E. Peterson, University of Missouri-Columbia.
250 ## - EDITION STATEMENT
Edition statement Fifth edition.
250 ## - EDITION STATEMENT
Edition statement Pearson international edition.
264 #1 - PUBLICATION, DISTRIBUTION, ETC. (IMPRINT)
Place of publication, distribution, etc Upper Saddle River, New Jersey :
Name of publisher, distributor, etc Pearson/Prentice Hall,
Date of publication, distribution, etc [2007]
264 #4 - PUBLICATION, DISTRIBUTION, ETC. (IMPRINT)
Date of publication, distribution, etc c2007
300 ## - PHYSICAL DESCRIPTION
Extent 1 volume (various pagings) :
Other physical details color illustrations ;
Dimensions 26 cm
336 ## - CONTENT TYPE
Source rdacontent
Content type term text
Content type code txt
337 ## - MEDIA TYPE
Media type term unmediated
Source rdamedia
Media type code n
338 ## - CARRIER TYPE
Carrier type term volume
Carrier type code nc
Source rdacarrier
500 ## - GENERAL NOTE
General note Includes glossary.<br/>
500 ## - GENERAL NOTE
General note Includes Appendices.<br/>
504 ## - BIBLIOGRAPHY, ETC. NOTE
Bibliography, etc Includes bibliographical references and index.<br/>
650 #7 - SUBJECT ADDED ENTRY--TOPICAL TERM
Topical term or geographic name as entry element Chemistry
Form subdivision Textbooks.
Source of heading or term BUEsh
655 ## - INDEX TERM--GENRE/FORM
Form subdivision Reading book
700 1# - ADDED ENTRY--PERSONAL NAME
Personal name Castellion, Mary E.,
Relator term author.
700 1# - ADDED ENTRY--PERSONAL NAME
Personal name Ballantine, David Stephen,
Relator term author.
856 41 - ELECTRONIC LOCATION AND ACCESS
Materials specified Table of contents only
Uniform Resource Identifier <a href="http://www.loc.gov/catdir/toc/ecip068/2006004212.html">http://www.loc.gov/catdir/toc/ecip068/2006004212.html</a>
942 ## - ADDED ENTRY ELEMENTS (KOHA)
Koha item type Book - Borrowing
Source of classification or shelving scheme Dewey Decimal Classification
Holdings
Withdrawn status Lost status Source of classification or shelving scheme Damaged status Not for loan Collection code Home library Current library Shelving location Date acquired Source of acquisition Total Checkouts Total Renewals Full call number Barcode Date last seen Date checked out Koha item type
    Dewey Decimal Classification     Baccah Central Library Central Library First floor 07/02/2015 Purchase 1 2 540 MCM 000002056 15/07/2025 12/10/2016 Book - Borrowing